000 01040cam a22002771 4500
001 gs 07000486
003 DLC
005 20260227111305.0
008 770126s1901 nyuaf b 001 0 eng
010 _ags 07000486
035 _a(OCoLC)2701238
040 _aDLC
_cNFredU
_dNBrockU
_dDLC
042 _apremarc
050 0 0 _aQ11
_b.N82 no. 46, vol. 9
051 _aSB939
_b.F34
100 1 _aFelt, Ephraim Porter,
_d1868-1943
245 1 0 _aScale insects of importance and list of the species in New York State,
_cby Ephraim Porter Felt.
260 _aAlbany,
_bUniversity of the State of New York,
_c1901.
300 _a[291]-377 p., 15 leaves of plates.
_billus. (some col.)
_c25 cm.
440 0 _aBulletin of the New York State Museum,
_vno. 46, v. 9
500 _a"Technical study of four species of Aspidiotus, by Margaret Fursman Boynton": p. 343-354.
504 _aIncludes bibliographical references and index.
650 0 _aInsect pests.
650 0 _aInsect pests
_zNew York (State)
700 1 _aBoynton, Margaret Fursman.
999 _c24588
_d24588